header

The epigraphy of death (Record no. 213865)

MARC details
000 -LEADER
fixed length control field 01585nam a2200397Ia 4500
245 04 - TITLE STATEMENT
Title The epigraphy of death
260 ## - PUBLICATION, DISTRIBUTION, ETC. (IMPRINT)
Place of publication Liverpool :
Name of publisher Liverpool University Press,
Year of publication 2000.
300 ## - PHYSICAL DESCRIPTION
Number of Pages xiv, 225 p. :
Other physical details ill., maps.
650 #0 - SUBJECT ADDED ENTRY--TOPICAL TERM
Topical Term Funeral rites and ceremonies
Topical Term Funeral rites and ceremonies
Topical Term Tombs
Topical Term Tombs
Topical Term Death
Topical Term Death
700 1# - ADDED ENTRY--PERSONAL NAME
Personal name Oliver, G. J.
856 40 - ELECTRONIC LOCATION AND ACCESS
Uniform Resource Identifier http://site.ebrary.com/lib/rucke/Doc?id=10369589

No items available.

© 2026 Rongo University
Contact us: librarian | system librarian | Rongo university